| 000 | 00860 a2200217 4500 | ||
|---|---|---|---|
| 008 | 080820t xxu||||| |||| 00| 0 eng d | ||
| 010 | _aENG-84921 | ||
| 020 |
_a8131300021 _c495.00 |
||
| 035 | _aEN-68454 | ||
| 037 | _bD.B.Act / Pub | ||
| 082 | _a576.1 | ||
| 100 | _aRajvaidya, Neelima | ||
| 245 |
_aBiomedical applications of microbiology _cby Neelima Rajvaidya and Dilip Kumar Markandey |
||
| 260 |
_aNew Delhi _bA P H Publishing _c2006. |
||
| 270 |
_a5, Ansari Road, Darya Ganj _bNew Delhi _cDelhi _e110002 |
||
| 300 |
_a204 p. _c22 cm. (Hb) |
||
| 650 |
_aMicrobiology _xbiomedical applicatons |
||
| 700 | _aMarkandey, Dilip Kumar | ||
| 942 |
_adpl _cEN _k576.1 / RAJ _2ddc _h576.1 _mRAJ |
||
| 999 |
_c749 _d749 |
||